Marketing. Casos prácticos

Guardat en:
Dades bibliogràfiques
Autor principal: Faville, David E (Autor)
Format: Llibre
Idioma:espanyol
Publicat: Barcelona Hispano Europea 1964
Col·lecció:Técnicas de Estudios de Mercado
Matèries:
Etiquetes: Afegir etiqueta
Sense etiquetes, Sigues el primer a etiquetar aquest registre!

MARC

LEADER 00000nam a2200000 a 4500
001 UCU2101
003 CL-VaPUC
008 960419e19640000SP |||||||||||||||||spa|d
082 0 4 |a 380.1  |b FAV  |2 21 
100 0 |a Faville, David E  |e author  |9 357998 
245 1 0 |a Marketing. Casos prácticos 
300 |a 518 p 
942 |c BK 
945 |d 19960419 00:00:00  |a paguirre 
260 |a Barcelona  |b Hispano Europea  |c 1964 
650 7 |a MERCADEO  |2 CL-VaPUC  |9 261154 
650 7 |a ESTUDIO DE MERCADO  |2 CL-VaPUC  |9 350124 
650 0 |a Oferta y demanda  |9 255571 
650 0 |a Gestión de mercados  |9 350125 
650 0 |a Producción   |9 263680 
650 0 |a Ventas  |9 259323 
650 0 |a Investigación de mercado  |9 332310 
650 0 |a Industrias   |9 263688 
583 |a last modification  |c 19960419 00:00:00  |k Rodrigo Vera 
490 0 |a Técnicas de Estudios de Mercado 
999 |c 246492  |d 246490